[Event "World Chess Olympiad 2018"]
[Site "Batumi"]
[Date "2018.10.05"]
[Round "11"]
[Board "2"]
[WhiteFideId "1512668"]
[White "Christiansen Johan-Sebastian"]
[BlackFideId "1634852"]
[Black "Dragnev Valentin"]
[Result "1/2-1/2"]
[LiveChessVersion "1.4.8"]
[BlackElo "2508"]
[WhiteElo "2525"]

1. e4 {[%clk 1:30:58]} c6 {[%clk 1:30:40]} 2. d4 {[%clk 1:31:21]} d5
{[%clk 1:31:04]} 3. Nd2 {[%clk 1:24:29]} dxe4 {[%clk 1:31:10]} 4. Nxe4
{[%clk 1:24:57]} Nf6 {[%clk 1:31:33]} 5. Nxf6+ {[%clk 1:25:24]} exf6
{[%clk 1:31:57]} 6. c3 {[%clk 1:25:49]} Bd6 {[%clk 1:32:23]} 7. Bd3
{[%clk 1:26:17]} O-O {[%clk 1:32:43]} 8. Qc2 {[%clk 1:26:45]} Re8+
{[%clk 1:33:07]} 9. Ne2 {[%clk 1:27:14]} h5 {[%clk 1:33:30]} 10. O-O
{[%clk 1:27:42]} h4 {[%clk 1:33:09]} 11. h3 {[%clk 1:28:11]} Nd7 {[%clk 1:31:43]}
12. Bd2 {[%clk 1:28:13]} Nf8 {[%clk 1:30:36]} 13. Rae1 {[%clk 1:28:39]} Bd7
{[%clk 1:26:59]} 14. Kh1 {[%clk 1:10:26]} Qc7 {[%clk 1:19:35]} 15. c4
{[%clk 1:04:22]} Rad8 {[%clk 1:15:34]} 16. c5 {[%clk 0:58:16]} Be7
{[%clk 1:15:30]} 17. f4 {[%clk 0:58:44]} f5 {[%clk 0:59:04]} 18. Bxf5
{[%clk 0:54:27]} Bxf5 {[%clk 0:57:01]} 19. Qxf5 {[%clk 0:54:54]} Bf6
{[%clk 0:57:22]} 20. Qg4 {[%clk 0:48:02]} Re4 {[%clk 0:48:34]} 21. Qf3
{[%clk 0:45:41]} Rde8 {[%clk 0:46:58]} 22. Nc3 {[%clk 0:30:07]} Rxe1
{[%clk 0:46:35]} 23. Rxe1 {[%clk 0:25:06]} Rxe1+ {[%clk 0:45:36]} 24. Bxe1
{[%clk 0:25:34]} Bxd4 {[%clk 0:45:58]} 25. Bxh4 {[%clk 0:21:13]} Bxc5
{[%clk 0:45:31]} 26. Ne4 {[%clk 0:21:17]} Bd4 {[%clk 0:44:36]} 27. b3
{[%clk 0:20:22]} Qa5 {[%clk 0:38:54]} 28. Bf2 {[%clk 0:20:14]} Qd5
{[%clk 0:35:34]} 29. Qd3 {[%clk 0:18:27]} Ne6 {[%clk 0:21:16]} 30. Bxd4
{[%clk 0:14:06]} Nxd4 {[%clk 0:17:06]} 31. Ng5 {[%clk 0:11:51]} Kf8
{[%clk 0:14:27]} 32. Kh2 {[%clk 0:09:53]} a5 {[%clk 0:12:22]} 1/2-1/2

[Event "World Chess Olympiad 2018"]
[Site "Batumi"]
[Date "2018.10.05"]
[Round "11"]
[Board "3"]
[WhiteFideId "1612468"]
[White "Diermair Andreas"]
[BlackFideId "1506536"]
[Black "Notkevich Benjamin Arvola"]
[Result "0-1"]
[LiveChessVersion "1.4.8"]
[BlackElo "2493"]
[WhiteElo "2501"]

1. Nf3 {[%clk 1:30:57]} Nf6 {[%clk 1:30:54]} 2. c4 {[%clk 1:31:23]} e6
{[%clk 1:31:19]} 3. g3 {[%clk 1:31:28]} d5 {[%clk 1:29:51]} 4. Bg2
{[%clk 1:31:16]} Be7 {[%clk 1:28:10]} 5. O-O {[%clk 1:31:03]} O-O
{[%clk 1:28:31]} 6. d4 {[%clk 1:26:25]} dxc4 {[%clk 1:26:36]} 7. Ne5
{[%clk 1:23:22]} Nc6 {[%clk 1:26:19]} 8. Bxc6 {[%clk 1:23:00]} bxc6
{[%clk 1:26:44]} 9. Nxc6 {[%clk 1:23:19]} Qe8 {[%clk 1:26:58]} 10. Nxe7+
{[%clk 1:23:41]} Qxe7 {[%clk 1:27:24]} 11. Qc2 {[%clk 1:17:57]} e5
{[%clk 1:21:09]} 12. dxe5 {[%clk 1:14:24]} Qxe5 {[%clk 1:21:15]} 13. Qxc4
{[%clk 1:05:42]} Be6 {[%clk 1:21:01]} 14. Qc2 {[%clk 1:04:39]} Bf5
{[%clk 1:21:11]} 15. Qc4 {[%clk 1:04:12]} Be6 {[%clk 1:21:33]} 16. Qc2
{[%clk 1:04:34]} Nd5 {[%clk 1:00:54]} 17. Nc3 {[%clk 0:58:18]} Nxc3
{[%clk 0:59:22]} 18. bxc3 {[%clk 0:57:19]} Bf5 {[%clk 0:58:46]} 19. Qd2
{[%clk 0:56:11]} Rfe8 {[%clk 0:59:10]} 20. Qf4 {[%clk 0:50:03]} Qa5
{[%clk 0:46:52]} 21. Be3 {[%clk 0:49:08]} Re4 {[%clk 0:44:38]} 22. Qf3
{[%clk 0:49:28]} Rae8 {[%clk 0:44:52]} 23. Rfd1 {[%clk 0:45:01]} h6
{[%clk 0:43:25]} 24. Qh5 {[%clk 0:35:02]} Qe5 {[%clk 0:35:27]} 25. Bxa7
{[%clk 0:15:54]} Qe6 {[%clk 0:23:30]} 26. Rd2 {[%clk 0:13:22]} g5
{[%clk 0:13:23]} 27. f3 {[%clk 0:07:39]} Kh7 {[%clk 0:12:18]} 28. Rf1
{[%clk 0:01:36]} Ra4 {[%clk 0:08:18]} 29. Bd4 {[%clk 0:01:17]} c5
{[%clk 0:08:44]} 30. g4 {[%clk 0:00:46]} Bg6 {[%clk 0:08:42]} 31. Qh3
{[%clk 0:01:14]} cxd4 {[%clk 0:08:51]} 32. Rxd4 {[%clk 0:01:24]} Qe3+
{[%clk 0:08:21]} 33. Rf2 {[%clk 0:01:25]} Rxa2 {[%clk 0:08:14]} 34. Qf1
{[%clk 0:01:30]} Rb8 {[%clk 0:07:29]} 35. Rd1 {[%clk 0:01:23]} Rbb2
{[%clk 0:07:33]} 36. Re1 {[%clk 0:00:59]} Bd3 {[%clk 0:07:28]} 0-1

[Event "World Chess Olympiad 2018"]
[Site "Batumi"]
[Date "2018.10.05"]
[Round "11"]
[Board "4"]
[WhiteFideId "1509500"]
[White "Salomon Johan"]
[BlackFideId "13601270"]
[Black "Shengelia David"]
[Result "0-1"]
[LiveChessVersion "1.4.8"]
[BlackElo "2512"]
[WhiteElo "2477"]

1. d4 {[%clk 1:30:58]} d5 {[%clk 1:30:27]} 2. c4 {[%clk 1:31:16]} dxc4
{[%clk 1:30:52]} 3. e3 {[%clk 1:31:13]} Nf6 {[%clk 1:30:55]} 4. Bxc4
{[%clk 1:31:18]} e6 {[%clk 1:31:07]} 5. Nf3 {[%clk 1:31:32]} a6 {[%clk 1:30:39]}
6. O-O {[%clk 1:31:50]} Nbd7 {[%clk 1:27:47]} 7. Nbd2 {[%clk 1:20:59]} c5
{[%clk 1:19:12]} 8. e4 {[%clk 1:18:25]} b5 {[%clk 1:14:56]} 9. Bd3
{[%clk 1:11:33]} cxd4 {[%clk 1:12:54]} 10. e5 {[%clk 1:11:49]} Nd5
{[%clk 1:12:39]} 11. Nb3 {[%clk 0:56:23]} Bb7 {[%clk 0:59:04]} 12. Re1
{[%clk 0:53:49]} Nc5 {[%clk 0:46:13]} 13. Nxc5 {[%clk 0:51:45]} Bxc5
{[%clk 0:46:40]} 14. Ng5 {[%clk 0:47:20]} Be7 {[%clk 0:36:58]} 15. Qh5
{[%clk 0:38:04]} g6 {[%clk 0:36:41]} 16. Qh6 {[%clk 0:37:30]} Nb4
{[%clk 0:33:54]} 17. Be4 {[%clk 0:35:25]} Bxe4 {[%clk 0:30:21]} 18. Nxe4
{[%clk 0:35:41]} Nc2 {[%clk 0:15:58]} 19. Qg7 {[%clk 0:33:05]} Qd5
{[%clk 0:15:24]} 20. Bg5 {[%clk 0:11:01]} Nxe1 {[%clk 0:12:55]} 21. Rxe1
{[%clk 0:11:29]} Rf8 {[%clk 0:11:24]} 22. Nf6+ {[%clk 0:11:31]} Bxf6
{[%clk 0:11:36]} 23. Qxf6 {[%clk 0:11:58]} Qd8 {[%clk 0:09:52]} 24. Qf4
{[%clk 0:10:32]} f6 {[%clk 0:08:23]} 25. Bxf6 {[%clk 0:09:32]} Qd5
{[%clk 0:07:29]} 26. Rd1 {[%clk 0:07:52]} Rd8 {[%clk 0:05:26]} 27. Qh4
{[%clk 0:08:07]} Rd7 {[%clk 0:04:58]} 28. Rc1 {[%clk 0:08:33]} Rdf7
{[%clk 0:04:05]} 29. Rd1 {[%clk 0:05:49]} d3 {[%clk 0:03:40]} 30. Qh3
{[%clk 0:05:59]} Rd7 {[%clk 0:03:48]} 31. g3 {[%clk 0:02:23]} Rff7
{[%clk 0:03:26]} 32. Qg4 {[%clk 0:01:51]} d2 {[%clk 0:02:14]} 33. h4
{[%clk 0:01:16]} Rc7 {[%clk 0:01:59]} 34. Qg5 {[%clk 0:01:26]} Qf3
{[%clk 0:01:24]} 0-1

[Event "World Chess Olympiad 2018"]
[Site "Batumi"]
[Date "2018.10.05"]
[Round "11"]
[Board "1"]
[WhiteFideId "13900048"]
[White "Bologan Victor"]
[BlackFideId "14200244"]
[Black "Kasimdzhanov Rustam"]
[Result "0-1"]
[LiveChessVersion "1.4.8"]
[BlackElo "2662"]
[WhiteElo "2580"]

1. e4 {[%clk 1:29:18]} e5 {[%clk 1:30:55]} 2. Nf3 {[%clk 1:29:22]} Nc6
{[%clk 1:31:20]} 3. Bc4 {[%clk 1:29:46]} Bc5 {[%clk 1:31:45]} 4. O-O
{[%clk 1:30:11]} Nf6 {[%clk 1:32:11]} 5. d3 {[%clk 1:30:38]} O-O {[%clk 1:32:33]}
6. a4 {[%clk 1:29:29]} a5 {[%clk 1:30:17]} 7. h3 {[%clk 1:27:58]} h6
{[%clk 1:29:55]} 8. Nc3 {[%clk 1:26:16]} d6 {[%clk 1:29:11]} 9. Ne2
{[%clk 1:24:16]} Be6 {[%clk 1:27:40]} 10. Bxe6 {[%clk 1:23:27]} fxe6
{[%clk 1:28:00]} 11. Ng3 {[%clk 1:22:29]} Qd7 {[%clk 1:26:02]} 12. c3
{[%clk 1:19:28]} Rf7 {[%clk 1:23:31]} 13. Be3 {[%clk 1:13:18]} Bxe3
{[%clk 1:15:16]} 14. fxe3 {[%clk 1:13:04]} Ne7 {[%clk 1:14:01]} 15. Qb3
{[%clk 1:11:35]} b6 {[%clk 1:13:30]} 16. d4 {[%clk 1:10:17]} Ng6 {[%clk 1:11:07]}
17. Rad1 {[%clk 1:09:02]} Qe8 {[%clk 1:08:42]} 18. Rd2 {[%clk 1:01:26]} Rc8
{[%clk 1:07:15]} 19. Rdf2 {[%clk 0:54:06]} Nd7 {[%clk 1:02:10]} 20. Nh5
{[%clk 0:44:41]} Qe7 {[%clk 0:50:15]} 21. Qc4 {[%clk 0:42:47]} Rff8
{[%clk 0:49:03]} 22. b4 {[%clk 0:38:52]} Kh7 {[%clk 0:43:15]} 23. bxa5
{[%clk 0:31:16]} bxa5 {[%clk 0:41:43]} 24. Qb5 {[%clk 0:30:46]} Ra8
{[%clk 0:35:25]} 25. Nh2 {[%clk 0:30:01]} Nb6 {[%clk 0:31:23]} 26. Ng4
{[%clk 0:29:21]} exd4 {[%clk 0:22:49]} 27. exd4 {[%clk 0:26:24]} Rxf2
{[%clk 0:16:56]} 28. Rxf2 {[%clk 0:26:39]} e5 {[%clk 0:17:19]} 29. Rf5
{[%clk 0:21:04]} Nh4 {[%clk 0:15:14]} 30. dxe5 {[%clk 0:15:48]} Nxf5
{[%clk 0:15:05]} 31. exf5 {[%clk 0:16:08]} Qg5 {[%clk 0:12:47]} 32. exd6
{[%clk 0:15:49]} Qxh5 {[%clk 0:11:39]} 33. dxc7 {[%clk 0:16:03]} Rc8
{[%clk 0:07:57]} 34. Qxb6 {[%clk 0:10:55]} Qxf5 {[%clk 0:08:19]} 35. c4
{[%clk 0:08:46]} Qf4 {[%clk 0:06:39]} 36. Qxa5 {[%clk 0:02:04]} Rxc7
{[%clk 0:06:39]} 37. Qd5 {[%clk 0:01:17]} Rxc4 {[%clk 0:04:46]} 38. Nf6+
{[%clk 0:00:46]} Kg6 {[%clk 0:05:13]} 0-1

[Event "World Chess Olympiad 2018"]
[Site "Batumi"]
[Date "2018.10.05"]
[Round "11"]
[Board "2"]
[WhiteFideId "14204118"]
[White "Abdusattorov Nodirbek"]
[BlackFideId "13900200"]
[Black "Iordachescu Viorel"]
[Result "1/2-1/2"]
[LiveChessVersion "1.4.8"]
[BlackElo "2591"]
[WhiteElo "2558"]

1. d4 {[%clk 1:30:57]} Nf6 {[%clk 1:30:21]} 2. c4 {[%clk 1:31:20]} e6
{[%clk 1:30:34]} 3. Nc3 {[%clk 1:31:46]} Bb4 {[%clk 1:30:42]} 4. e3
{[%clk 1:32:10]} O-O {[%clk 1:30:37]} 5. Bd3 {[%clk 1:32:34]} d5 {[%clk 1:30:27]}
6. cxd5 {[%clk 1:32:43]} exd5 {[%clk 1:30:50]} 7. Nge2 {[%clk 1:33:10]} Re8
{[%clk 1:30:48]} 8. O-O {[%clk 1:32:43]} Bd6 {[%clk 1:31:03]} 9. Ng3
{[%clk 1:28:21]} Nbd7 {[%clk 1:25:16]} 10. Bd2 {[%clk 1:26:09]} c6
{[%clk 1:23:31]} 11. Rc1 {[%clk 1:26:03]} Nf8 {[%clk 1:21:02]} 12. f3
{[%clk 1:24:08]} Ne6 {[%clk 1:15:01]} 13. Kh1 {[%clk 1:14:03]} a6
{[%clk 1:10:25]} 14. Be1 {[%clk 1:11:18]} Bf8 {[%clk 1:09:40]} 15. Bf2
{[%clk 1:10:24]} c5 {[%clk 1:06:00]} 16. dxc5 {[%clk 1:08:51]} Nxc5
{[%clk 1:03:05]} 17. Bb1 {[%clk 1:08:24]} b6 {[%clk 1:02:55]} 18. e4
{[%clk 1:06:29]} dxe4 {[%clk 0:43:27]} 19. Ncxe4 {[%clk 1:04:14]} Nfxe4
{[%clk 0:39:27]} 20. Nxe4 {[%clk 1:04:25]} Rb8 {[%clk 0:33:37]} 21. Nxc5
{[%clk 0:48:12]} bxc5 {[%clk 0:33:19]} 22. b3 {[%clk 0:44:55]} Qg5
{[%clk 0:28:05]} 23. Be4 {[%clk 0:37:41]} Bb7 {[%clk 0:20:18]} 24. Bxb7
{[%clk 0:33:52]} Rxb7 {[%clk 0:20:42]} 25. Qd3 {[%clk 0:31:06]} Re6
{[%clk 0:16:40]} 26. Rc2 {[%clk 0:24:48]} h5 {[%clk 0:16:12]} 27. Bg1
{[%clk 0:24:15]} Rb4 {[%clk 0:13:40]} 28. Re2 {[%clk 0:22:56]} Rxe2
{[%clk 0:13:24]} 29. Qxe2 {[%clk 0:23:22]} Rb6 {[%clk 0:13:17]} 30. Rd1
{[%clk 0:18:51]} Re6 {[%clk 0:13:13]} 31. Qc4 {[%clk 0:18:40]} g6
{[%clk 0:10:58]} 32. Bf2 {[%clk 0:15:18]} Qf6 {[%clk 0:09:33]} 33. h3
{[%clk 0:13:09]} Rd6 {[%clk 0:03:48]} 34. Rxd6 {[%clk 0:11:51]} Qxd6
{[%clk 0:04:02]} 35. Qe2 {[%clk 0:11:13]} Be7 {[%clk 0:03:13]} 36. g4
{[%clk 0:09:01]} hxg4 {[%clk 0:02:47]} 37. hxg4 {[%clk 0:09:29]} Bf6
{[%clk 0:02:50]} 38. Kg2 {[%clk 0:09:29]} Kg7 {[%clk 0:02:56]} 39. Bg3
{[%clk 0:08:57]} Qc6 {[%clk 0:02:35]} 40. Bf4 {[%clk 0:37:29]} Bd4
{[%clk 0:32:27]} 41. Bg3 {[%clk 0:35:30]} Kf8 {[%clk 0:28:49]} 42. Bh4
{[%clk 0:35:24]} Kg7 {[%clk 0:28:33]} 43. Bg3 {[%clk 0:34:58]} Kf8
{[%clk 0:28:48]} 44. Bf2 {[%clk 0:34:57]} Bxf2 {[%clk 0:28:05]} 45. Kxf2
{[%clk 0:34:53]} Qd6 {[%clk 0:28:12]} 46. Kg2 {[%clk 0:34:56]} g5
{[%clk 0:24:45]} 47. Qe3 {[%clk 0:34:40]} f6 {[%clk 0:24:56]} 48. Qc3
{[%clk 0:34:44]} Ke7 {[%clk 0:25:07]} 49. Kf2 {[%clk 0:33:32]} Qh2+
{[%clk 0:19:11]} 50. Ke3 {[%clk 0:33:27]} Qf4+ {[%clk 0:18:03]} 51. Ke2
{[%clk 0:33:14]} Qh2+ {[%clk 0:14:32]} 52. Kd3 {[%clk 0:32:50]} Qxa2
{[%clk 0:14:38]} 53. Qxc5+ {[%clk 0:32:43]} Ke6 {[%clk 0:14:50]} 54. Qc6+
{[%clk 0:32:15]} Ke7 {[%clk 0:14:54]} 55. Qd5 {[%clk 0:30:05]} Qa3
{[%clk 0:10:29]} 56. Kc4 {[%clk 0:29:46]} Qd6 {[%clk 0:09:28]} 57. Qb7+
{[%clk 0:27:09]} Kd8 {[%clk 0:08:52]} 58. b4 {[%clk 0:25:30]} Ke8
{[%clk 0:09:00]} 59. Kb3 {[%clk 0:22:27]} Qe6+ {[%clk 0:09:25]} 60. Kc3
{[%clk 0:22:37]} Qd6 {[%clk 0:07:06]} 61. Kb2 {[%clk 0:22:05]} Qd3
{[%clk 0:04:28]} 62. Ka2 {[%clk 0:21:16]} Kd8 {[%clk 0:04:39]} 63. Kb2
{[%clk 0:21:16]} Ke8 {[%clk 0:05:02]} 64. Ka2 {[%clk 0:19:29]} Kd8
{[%clk 0:05:28]} 65. Kb2 {[%clk 0:19:36]} 1/2-1/2

[Event "World Chess Olympiad 2018"]
[Site "Batumi"]
[Date "2018.10.05"]
[Round "11"]
[Board "3"]
[WhiteFideId "13900463"]
[White "Svetushkin Dmitry"]
[BlackFideId "14203987"]
[Black "Yakubboev Nodirbek"]
[Result "0-1"]
[LiveChessVersion "1.4.8"]
[BlackElo "2521"]
[WhiteElo "2580"]

1. e4 {[%clk 1:30:48]} c5 {[%clk 1:30:41]} 2. Nf3 {[%clk 1:31:03]} d6
{[%clk 1:31:01]} 3. d4 {[%clk 1:31:14]} cxd4 {[%clk 1:31:09]} 4. Nxd4
{[%clk 1:31:38]} Nf6 {[%clk 1:31:32]} 5. Nc3 {[%clk 1:32:01]} a6 {[%clk 1:31:40]}
6. f3 {[%clk 1:32:25]} e5 {[%clk 1:31:31]} 7. Nb3 {[%clk 1:32:47]} Be6
{[%clk 1:31:46]} 8. Be3 {[%clk 1:33:09]} h5 {[%clk 1:32:07]} 9. Qd2
{[%clk 1:33:33]} Nbd7 {[%clk 1:32:20]} 10. Nd5 {[%clk 1:33:53]} Bxd5
{[%clk 1:32:30]} 11. exd5 {[%clk 1:34:15]} g6 {[%clk 1:32:58]} 12. O-O-O
{[%clk 1:34:22]} Nb6 {[%clk 1:31:58]} 13. Kb1 {[%clk 1:34:45]} Nbxd5
{[%clk 0:56:38]} 14. Bg5 {[%clk 1:34:58]} Be7 {[%clk 0:54:54]} 15. Bd3
{[%clk 1:35:18]} Qc7 {[%clk 0:47:55]} 16. Rhe1 {[%clk 1:34:31]} Nd7
{[%clk 0:44:52]} 17. Bxg6 {[%clk 1:01:27]} fxg6 {[%clk 0:42:36]} 18. Qxd5
{[%clk 1:01:19]} Bxg5 {[%clk 0:43:03]} 19. Qe6+ {[%clk 1:01:44]} Be7
{[%clk 0:40:32]} 20. Qxg6+ {[%clk 1:00:09]} Kd8 {[%clk 0:40:15]} 21. f4
{[%clk 0:59:42]} Rc8 {[%clk 0:30:28]} 22. Rd2 {[%clk 0:44:29]} Qc6
{[%clk 0:20:25]} 23. fxe5 {[%clk 0:38:46]} dxe5 {[%clk 0:19:59]} 24. Qf5
{[%clk 0:38:49]} Rc7 {[%clk 0:12:41]} 25. Red1 {[%clk 0:30:00]} Kc8
{[%clk 0:11:40]} 26. Na5 {[%clk 0:19:23]} Qf6 {[%clk 0:11:57]} 27. Qh3
{[%clk 0:16:19]} Rd8 {[%clk 0:12:20]} 28. Qxh5 {[%clk 0:13:48]} Bb4
{[%clk 0:12:19]} 29. Rd5 {[%clk 0:14:15]} Bxa5 {[%clk 0:11:08]} 30. Rxa5
{[%clk 0:14:31]} Nc5 {[%clk 0:08:46]} 31. Qg4+ {[%clk 0:13:35]} Kb8
{[%clk 0:08:04]} 32. Rxd8+ {[%clk 0:11:26]} Qxd8 {[%clk 0:08:32]} 33. b4
{[%clk 0:11:45]} Nd7 {[%clk 0:06:45]} 34. Rd5 {[%clk 0:12:02]} Qe7
{[%clk 0:06:49]} 35. Rd1 {[%clk 0:10:15]} e4 {[%clk 0:06:41]} 36. a3
{[%clk 0:10:38]} e3 {[%clk 0:04:05]} 37. Re1 {[%clk 0:08:22]} Nb6
{[%clk 0:03:51]} 38. Qd4 {[%clk 0:01:39]} Nc4 {[%clk 0:04:18]} 39. Ka2
{[%clk 0:02:00]} Qh7 {[%clk 0:03:50]} 40. Re2 {[%clk 0:32:00]} Nd2
{[%clk 0:33:14]} 0-1

[Event "World Chess Olympiad 2018"]
[Site "Batumi"]
[Date "2018.10.05"]
[Round "11"]
[Board "4"]
[WhiteFideId "14200287"]
[White "Khoroshev Nikita"]
[BlackFideId "13900897"]
[Black "Morozov Nichita"]
[Result "1/2-1/2"]
[LiveChessVersion "1.4.8"]
[BlackElo "2452"]
[WhiteElo "2416"]

1. Nf3 {[%clk 1:30:32]} Nf6 {[%clk 1:30:55]} 2. c4 {[%clk 1:30:50]} b6
{[%clk 1:31:21]} 3. g3 {[%clk 1:30:25]} Bb7 {[%clk 1:31:48]} 4. Bg2
{[%clk 1:30:50]} e6 {[%clk 1:32:16]} 5. O-O {[%clk 1:30:43]} Be7 {[%clk 1:32:44]}
6. Nc3 {[%clk 1:30:33]} O-O {[%clk 1:33:09]} 7. Re1 {[%clk 1:29:39]} d5
{[%clk 1:31:05]} 8. cxd5 {[%clk 1:30:02]} exd5 {[%clk 1:31:30]} 9. d4
{[%clk 1:30:28]} Na6 {[%clk 1:31:10]} 10. Bf4 {[%clk 1:30:51]} c5
{[%clk 1:31:28]} 11. Rc1 {[%clk 1:30:58]} Ne4 {[%clk 1:27:17]} 12. a3
{[%clk 1:28:47]} Re8 {[%clk 1:10:47]} 13. h4 {[%clk 1:21:56]} h6 {[%clk 1:05:11]}
14. Be5 {[%clk 1:03:54]} Bf8 {[%clk 1:02:06]} 15. h5 {[%clk 0:51:49]} cxd4
{[%clk 0:56:20]} 16. Bxd4 {[%clk 0:43:13]} Nac5 {[%clk 0:50:41]} 17. e3
{[%clk 0:38:57]} Ne6 {[%clk 0:44:19]} 18. Nb5 {[%clk 0:33:35]} a6
{[%clk 0:40:23]} 19. Nc3 {[%clk 0:34:00]} Rc8 {[%clk 0:39:26]} 20. Ne2
{[%clk 0:24:33]} Nxd4 {[%clk 0:31:08]} 21. Nfxd4 {[%clk 0:20:26]} Qf6
{[%clk 0:28:28]} 22. Nf4 {[%clk 0:20:14]} Rxc1 {[%clk 0:28:10]} 23. Qxc1
{[%clk 0:20:43]} Bd6 {[%clk 0:28:36]} 24. Qd1 {[%clk 0:19:04]} Be5
{[%clk 0:26:51]} 25. Qa4 {[%clk 0:08:34]} b5 {[%clk 0:25:10]} 26. Qd1
{[%clk 0:09:02]} Rc8 {[%clk 0:23:35]} 27. b3 {[%clk 0:04:23]} Re8
{[%clk 0:21:44]} 28. Qd3 {[%clk 0:03:24]} Nxg3 {[%clk 0:21:21]} 29. fxg3
{[%clk 0:01:49]} Bxd4 {[%clk 0:21:47]} 30. Re2 {[%clk 0:01:10]} Ba7
{[%clk 0:20:41]} 31. Nxd5 {[%clk 0:00:50]} Bxd5 {[%clk 0:17:13]} 32. Bxd5
{[%clk 0:01:09]} Qg5 {[%clk 0:17:01]} 33. Kg2 {[%clk 0:00:46]} Qxh5
{[%clk 0:14:51]} 34. Rf2 {[%clk 0:00:38]} Re7 {[%clk 0:12:19]} 35. Rf3
{[%clk 0:01:02]} Qg5 {[%clk 0:09:10]} 36. e4 {[%clk 0:00:40]} Qg6
{[%clk 0:06:12]} 37. Qc2 {[%clk 0:00:39]} Kh7 {[%clk 0:05:15]} 38. Qc6
{[%clk 0:00:38]} Qxc6 {[%clk 0:03:16]} 39. Bxc6 {[%clk 0:01:07]} Rc7
{[%clk 0:02:45]} 40. Bd5 {[%clk 0:30:39]} Kg6 {[%clk 0:32:51]} 41. a4
{[%clk 0:30:47]} Bd4 {[%clk 0:32:38]} 42. axb5 {[%clk 0:24:31]} axb5
{[%clk 0:32:36]} 43. Rf5 {[%clk 0:23:40]} h5 {[%clk 0:29:48]} 44. Kh3
{[%clk 0:22:18]} f6 {[%clk 0:29:44]} 45. g4 {[%clk 0:21:17]} Rc3+
{[%clk 0:29:58]} 46. Kh4 {[%clk 0:21:46]} hxg4 {[%clk 0:30:14]} 47. Kxg4
{[%clk 0:22:14]} Be5 {[%clk 0:30:28]} 48. Rf3 {[%clk 0:20:06]} Rc2
{[%clk 0:30:52]} 49. Rf1 {[%clk 0:18:15]} Rg2+ {[%clk 0:27:13]} 50. Kf3
{[%clk 0:18:44]} Rh2 {[%clk 0:27:34]} 51. Rg1+ {[%clk 0:18:13]} Kh6
{[%clk 0:27:53]} 52. Bf7 {[%clk 0:17:35]} b4 {[%clk 0:22:33]} 53. Rg6+
{[%clk 0:17:59]} Kh7 {[%clk 0:22:58]} 54. Rg1 {[%clk 0:18:28]} Rh6
{[%clk 0:19:14]} 55. Kg2 {[%clk 0:17:24]} g6 {[%clk 0:18:55]} 1/2-1/2

[Event "World Chess Olympiad 2018"]
[Site "Batumi"]
[Date "2018.10.05"]
[Round "11"]
[Board "2"]
[WhiteFideId "4650891"]
[White "Naiditsch Arkadij"]
[BlackFideId "937614"]
[Black "Roganovic Milos"]
[Result "1-0"]
[LiveChessVersion "1.4.8"]
[BlackElo "2527"]
[WhiteElo "2721"]

1. e4 {[%clk 1:30:56]} c5 {[%clk 1:30:48]} 2. Nf3 {[%clk 1:31:18]} Nc6
{[%clk 1:31:05]} 3. Bb5 {[%clk 1:31:40]} g6 {[%clk 1:31:29]} 4. O-O
{[%clk 1:32:02]} Bg7 {[%clk 1:31:42]} 5. Re1 {[%clk 1:32:25]} Nf6
{[%clk 1:29:36]} 6. e5 {[%clk 1:32:46]} Nd5 {[%clk 1:29:49]} 7. Nc3
{[%clk 1:33:09]} Nc7 {[%clk 1:30:05]} 8. Bxc6 {[%clk 1:33:32]} dxc6
{[%clk 1:30:24]} 9. Ne4 {[%clk 1:33:56]} b6 {[%clk 1:30:32]} 10. Nf6+
{[%clk 1:34:11]} Kf8 {[%clk 1:30:53]} 11. Ne4 {[%clk 1:34:36]} Bg4
{[%clk 1:26:29]} 12. d3 {[%clk 1:32:49]} Ne6 {[%clk 1:22:28]} 13. Neg5
{[%clk 1:32:44]} Nxg5 {[%clk 1:14:36]} 14. Bxg5 {[%clk 1:33:07]} h6
{[%clk 1:14:36]} 15. Bd2 {[%clk 1:26:38]} Qd5 {[%clk 1:08:37]} 16. Re4
{[%clk 1:26:50]} Bf5 {[%clk 1:08:05]} 17. Ra4 {[%clk 1:16:13]} b5
{[%clk 0:59:41]} 18. Ra5 {[%clk 1:07:50]} Bg4 {[%clk 0:54:38]} 19. a4
{[%clk 1:01:40]} a6 {[%clk 0:51:23]} 20. Bc3 {[%clk 0:56:06]} Bxf3
{[%clk 0:48:12]} 21. Qxf3 {[%clk 0:55:30]} Qxf3 {[%clk 0:48:37]} 22. gxf3
{[%clk 0:55:51]} b4 {[%clk 0:49:03]} 23. Bd2 {[%clk 0:54:51]} Bxe5
{[%clk 0:48:15]} 24. Rxc5 {[%clk 0:43:03]} Bxb2 {[%clk 0:47:45]} 25. Re1
{[%clk 0:43:24]} a5 {[%clk 0:41:13]} 26. Bf4 {[%clk 0:41:48]} Bf6
{[%clk 0:38:35]} 27. Re4 {[%clk 0:40:51]} Kg7 {[%clk 0:34:40]} 28. Bc7
{[%clk 0:40:53]} e6 {[%clk 0:28:15]} 29. Rxc6 {[%clk 0:37:52]} Bd8
{[%clk 0:16:05]} 30. Bg3 {[%clk 0:34:23]} Ra7 {[%clk 0:13:52]} 31. Rec4
{[%clk 0:32:23]} Bf6 {[%clk 0:10:33]} 32. R6c5 {[%clk 0:30:43]} b3
{[%clk 0:09:12]} 33. cxb3 {[%clk 0:30:52]} Rd8 {[%clk 0:09:39]} 34. Rb5
{[%clk 0:29:31]} Rxd3 {[%clk 0:09:52]} 35. Kg2 {[%clk 0:26:09]} Rd5
{[%clk 0:06:13]} 36. Rxd5 {[%clk 0:17:44]} exd5 {[%clk 0:06:40]} 37. Rc5
{[%clk 0:18:06]} d4 {[%clk 0:06:33]} 38. Kf1 {[%clk 0:17:26]} Rd7
{[%clk 0:04:01]} 39. Bf4 {[%clk 0:17:16]} d3 {[%clk 0:00:59]} 40. Bd2
{[%clk 0:47:32]} Bg5 {[%clk 0:30:35]} 41. f4 {[%clk 0:44:45]} Bd8
{[%clk 0:28:12]} 42. Rb5 {[%clk 0:42:39]} g5 {[%clk 0:17:39]} 43. fxg5
{[%clk 0:41:16]} Bxg5 {[%clk 0:11:55]} 44. Ke1 {[%clk 0:33:59]} Re7+
{[%clk 0:12:11]} 45. Kd1 {[%clk 0:34:19]} Bxd2 {[%clk 0:12:21]} 46. Kxd2
{[%clk 0:34:43]} Re2+ {[%clk 0:12:49]} 47. Kxd3 {[%clk 0:35:05]} Rxf2
{[%clk 0:13:17]} 48. Rxa5 {[%clk 0:32:44]} Rxh2 {[%clk 0:12:36]} 49. b4
{[%clk 0:33:09]} h5 {[%clk 0:06:32]} 50. Rf5 {[%clk 0:32:33]} h4 {[%clk 0:05:48]}
51. a5 {[%clk 0:31:02]} h3 {[%clk 0:06:03]} 52. Kc4 {[%clk 0:30:14]} Ra2
{[%clk 0:04:18]} 53. Kb3 {[%clk 0:29:26]} h2 {[%clk 0:03:24]} 54. Rh5
{[%clk 0:28:55]} Rg2 {[%clk 0:03:28]} 55. Rh4 {[%clk 0:17:52]} f5
{[%clk 0:03:29]} 56. a6 Rg6 {[%clk 0:03:32]} 57. b5 {[%clk 0:16:26]} Rh6
{[%clk 0:03:55]} 58. Rxh2 Rxh2 59. a7 {[%clk 0:16:22]} Rh8 {[%clk 0:04:20]} 60.
b6 {[%clk 0:16:40]} Rh6 {[%clk 0:04:23]} 61. a8=Q {[%clk 0:16:37]} Rxb6+
{[%clk 0:04:36]} 62. Kc4 {[%clk 0:17:02]} Re6 {[%clk 0:05:02]} 63. Kd5
{[%clk 0:17:06]} Re4 {[%clk 0:05:15]} 64. Qa6 {[%clk 0:17:06]} Re7
{[%clk 0:02:26]} 65. Qc8 {[%clk 0:15:36]} Kg6 {[%clk 0:00:50]} 66. Qg8+
{[%clk 0:15:43]} Rg7 {[%clk 0:00:37]} 67. Qe6+ {[%clk 0:15:56]} Kh5
{[%clk 0:00:48]} 68. Ke5 {[%clk 0:15:28]} Rg2 {[%clk 0:00:31]} 69. Qe8+
{[%clk 0:13:21]} 1-0